The science of psychology modules

Gespeichert in:
Bibliographische Detailangaben
1. Verfasser: King, Laura A.
Weitere Verfasser: Santrock, John W.
Format: Buch
Sprache:English
Veröffentlicht: New York McGraw-Hill 2012
Ausgabe:2nd ed.
Schlagworte:
Tags: Tag hinzufügen
Keine Tags, Fügen Sie den ersten Tag hinzu!
Thư viện lưu trữ: Mạng thư viện Đại học Đà Nẵng
LEADER 01119nam a2200325 4500
001 000024417
003 20905
005 20161208151250.0
008 161208s2012 engsd
020 |a 9780078035494 (hdbk. : alk. paper)  |a 007803549X (hdbk. : alk. paper) 
041 0 |a eng 
082 1 4 |a 150  |b KI-L 
100 1 |a King, Laura A.  |q (Laura Ann) 
245 1 4 |a The science of psychology  |b modules  |c Laura King. 
250 |a 2nd ed. 
260 |a New York  |b McGraw-Hill  |c 2012 
300 |a xxx, 646 p.  |b col. ill., plates  |c 29 cm. 
504 |a Includes bibliographical references and index. 
650 0 |a Psychology  |v Textbooks. 
700 1 |a Santrock, John W. 
OWN |a LSP 
AVA |a UDN50  |b LSP  |d 150 KI-L  |e available  |t Error 5001 Not defined in file expand_doc_bib_avail.  |f 1  |g 0  |h N  |i 0  |k 1 
999 |a From the UDN01 
AVA |a UDN50  |b LSP  |d 150 KI-L  |e available  |t Error 5001 Not defined in file expand_doc_bib_avail.  |f 1  |g 0  |h N  |i 0  |k 1 
TYP |a Monograph 
TYP |a Printed language 
980 |a Mạng thư viện Đại học Đà Nẵng